| 000 | 02386nam0a2200385 4500 | ||
|---|---|---|---|
| 001 | RU\NLR\BIBL_A\012219641 | ||
| 005 | 20260407115637.0 | ||
| 035 | _a(NLR Aleph) 012219641 | ||
| 090 |
_a10926550 _c10926550 |
||
| 100 | _a20200214d1899 |||y0rusy50 ca | ||
| 101 | 0 | _arus | |
| 102 | _aRU | ||
| 105 | _ay z 000zy | ||
| 181 | 0 |
_ai _baxxe |
|
| 182 | 0 | _an | |
| 200 | 1 |
_aОб изменении таможенной пошлины на чаи, привозимые по европейской и азиатской границам _eпредставление по сему делу разослано Членам Государственного Совета, в печатных экземплярах _fГосударственный Совет в Департаменте Государственной Экономии, Министерство Финансов. 22 апреля 1899 года. № 230 |
|
| 203 |
_aТекст _bвизуальный _cнепосредственный |
||
| 210 |
_a[C.-Петербург _cб. и.] _d1899 |
||
| 215 |
_a10 с. _d33 |
||
| 300 | _aВ конце текста: Подписали: Д. Сольский, М. Каханов, В. Маркус [и др.]; Скрепил: Исправляющий ... | ||
| 300 | _aНа с. 1, 5, 9: DXCIX | ||
| 309 | _aБез тит. л. и обл. | ||
| 316 |
_aЭкз. деф.: часть страниц разорваны и подклеены с потерей текста _5NLR |
||
| 702 | 1 |
_4720 _8rus _7ca _aСольский _bД. М. _cгос. деятель _f1833-1910 _gДмитрий Мартынович _3RU\NLR\AUTH\7783181 _966109 |
|
| 702 | 1 |
_4720 _7ca _8rus _aКаханов _bМ. С. _f1833-1900 _gМихаил Семёнович _9197457 _3RU\NLR\AUTH\770197508 |
|
| 702 | 1 |
_4720 _7ca _8rus _aМаркус _bВ. М. _f1826-1901 _gВладимир Михайлович _9197462 _3RU\NLR\AUTH\770197513 |
|
| 711 | 0 | 1 |
_aРоссия _bГосударственный совет _3RU\NLR\AUTH\889948587 _9392796 |
| 711 | 0 | 1 |
_aРоссия _bМинистерство финансов _3RU\NLR\AUTH\889947360 _9390360 |
| 712 | 0 | 1 |
_4570 _aРоссия _bДепартамент государственной экономии _3RU\NLR\AUTH\889933514 _9362122 |
| 852 |
_aNLR _j135/294-342(18) |
||
| 942 | _cBOOK | ||
| 980 | _aNB | ||